MDQL
is popping MORE tags! Check the
thread
!
Quizzes
Events
Quiz Creation
Community
Videos
Private Events
Remove Ads
Sign In
Join for FREE
Feedback
Dark Mode
Quiz Categories
Sports
Geography
Music
Movies
Television
Just For Fun
Miscellaneous
History
Literature
Language
Science
Gaming
Entertainment
Religion
Holiday
For Kids
Quiz Lab
Recent
Popular Today
Quiz Kudos Today
Editor Picks
Curator Picks
Quizzes by...
Day
Popularity
Type
Ratings
Length
Year
Community
Subscriptions
Recent Discussions
Orange Saloon
Badges
Playlists
Quests
Create
Leaderboards
Showdown
Live 5
Trivia Bingo
Activity
Puzzle Library
Sporcle Events
Private Events
Virtual Trivia
Globe League
Become a Host
Pub Owners
SporcleCon
Opinionation
Our Games
Videos
Blog
Mobile Apps
Partnerships
Remove Ads and Go Orange
Feedback
Gaming
Video Games
Board Games
Card Games
Pokémon
Mario
Nintendo
Minecraft
Console
Toys
Legend of Zelda
Gaming
Video Games
Board Games
Card Games
Pokémon
Mario
Nintendo
Minecraft
Console
Toys
Legend of Zelda
Random Quiz
Search Sporcle
×
Quiz Lab
Quiz Lab
Gaming
Country
Type in answers that appear in a list
Type in answers that appear in a list
Classic
Best Score? Go Orange.
Countries of the Forgotten Realms, 3E Stats
Can you name the Countries of the Forgotten Realms, 3E?
By
DocFilth
10m
54 Questions
286 Plays
286 Plays
286 Plays
Comments
Comments
Give Quiz Kudos
Give Quiz Kudos
-
- Ratings
hide this ad
More Info
Random Order
Randomize order of answers
Randomize order of answers
Replay
Link that replays current quiz
Next Quiz
Link to next quiz in quiz playlist
You Got
0%
They Got
Avg Score
40%
Avg Friend Score
Upgrade to see
Score Distribution
Jump to the score distribution portion of the page
Score
0/54
Timer
10:00
0
Plays Today
% Correct
Cormyr
79.7%
Thay
72.4%
Amn
72%
Chult
71.7%
Calimshan
70.3%
The Underdark
69.2%
Waterdeep
67.5%
Shadowdale
62.2%
Sembia
61.5%
Anauroch
60.5%
Tethyr
58.7%
Mulhorand
49.7%
Damara
46.9%
Rashemen
45.1%
Aglarond
43.4%
The Moonsea
43%
Battledale
42%
Unther
41.3%
Halruaa
41.3%
Daggerdale
40.9%
Evermeet
39.5%
Vaasa
38.8%
Chessenta
38.1%
Silver Marches
37.4%
The Great Dale
37.4%
Moonshae Isles
36.4%
Thesk
36%
% Correct
Scardale
35.3%
Narfell
33.6%
Luiren
33.2%
The Vast
33.2%
The Shaar
32.9%
Chondath
32.9%
Turmish
32.9%
Hordelands
32.5%
Lake of Steam
32.2%
Impiltur
32.2%
Mistledale
30.8%
Archendale
30.4%
Western Heartlands
29.7%
Tashalar
28.3%
Harrowdale
28.3%
Dragon Coast
28%
Cormanthor
27.6%
High Dale
26.6%
The High Forest
26.6%
Featherdale
26.2%
The Sword Coast North
26.2%
Deepingdale
25.5%
Sespech
25.2%
Tasseldale
24.8%
Nelanther Isles
24.8%
The Great Rift
23.4%
The Savage Frontier
23.1%
Quiz Playlist
Details
Report
Send in Message
Add To Playlist
More Info:
Countries of the Western Forgotten Realms, named (with no further sub-heading) in the 3rd Edition Forgotten Realms Campaign Setting
Classic:
Type in answers that appear in a list
Random Order:
Randomize order of answers
Last Updated: Feb 16, 2017
Quiz Scoreboard
CHALLENGE
Sign Up to Join the Scoreboard
Show All
Scores
Hide
Comments
May contain spoilers
Recently Published
Image Sorting: Flags VI
by Barbecue
Geography
2m
Find the 'City' Movie
by crazypaving
Movies
60s
Colored Red Africa Blitz
by spor1
Geography
45s
More to Explore
Quiz From the Vault
Featured Blog Post
14 Easter Pick-up Lines to Find Eggs With
hide this ad
You Might Also Like...
Tags
Country Quiz
forgotten
Forgotten Realms
realm
Today's Top Quizzes in Gaming
Browse Gaming
hide this ad
Today's Top Quizzes in Country
Browse Country
Top Contributed Quizzes in Gaming
1
League of Legends Pro Players by Career/Team History
2
Destiny 2 exotic weapons by perk icons
3
Genshin murder mystery
4
Dead By Daylight Logic Puzzle
5
Genshin Impact Logic Puzzle
6
Overwatch Logic Puzzle
7
4x4 Decades: Video Games
8
Who's on the WWE 2K24 Cover?
9
Overwatch 2: Ultimate Ability Icons
10
Valorant Agent Developer Names (Up to Clove)
Explore More
Trending Topics
NBA
Kpop
Harry Potter
Marvel
Crossword
Anime
Disney
Puzzle
Pokémon
Soccer
Song
Country
The Office
WWE
NFL
hide this ad
More By:
DocFilth
Quiz
Plays
Rating
Category
Featured
Created
MCU recurring characters (SPOILERS! up to Quantumania)
1,027
3.10
Movies
Mar 9, 2019
Babylon 5 Who Died When?
974
5.00
Television
May 14, 2019
Countries of the Forgotten Realms, 3E
286
3.83
Gaming
Mar 3, 2010
Name the 1st Doctor stories in order
120
3.00
Television
May 26, 2014
The Traitors (UK) Series 2 - Order Up
81
Television
Feb 2, 2024
Go to Creator's Profile
Score Distribution
Quiz Creator Spotlight
DocFilth
Follow
Send a Message
Quizzes Created
-
Created Quiz Play Count
-
More By This Creator
Popular Quizzes Today
1
Colored Red Africa Blitz
2
Find the US States - No Outlines Minefield
3
Find the 'City' Movie
4
5x2 Blitz: Bands
5
The Countries of the World
6
Find the US States
7
Find the Countries of Europe - No Outlines Minefield
8
US States
More Gaming Quizzes
One Gets the Lot: Gaming
Published
Trending Quizzes
Colored Red Europe Blitz I
Colored Red Europe Blitz II
Colored Red Africa Blitz II
Colored Red Europe Blitz III
Colored Red Africa Blitz III
Recently Updated
How Do You Spell That?
pecheneg
Godzilla Movies
pecheneg
Grab Bag: 4-10 Letters
pecheneg
2024 March Madness Bracket
pecheneg
Famous TV Couples
Peacemaker
Champions League XIs: Real Madrid
pecheneg
Largest US Cities 1790-2010
pecheneg
Rides in Walt Disney World
pecheneg
Most Oscar Losses (Acting)
pecheneg
Beyoncé Albums
pecheneg
Trending Topics
Kpop
Marvel
Crossword
NBA
Disney
Harry Potter
Anime
Soccer
The Office
Song
Puzzle
Country
WWE
NFL
Pokémon
Your Account Isn't Verified!
In order to create a playlist on Sporcle, you need to verify the email address you used during registration. Go to your
Sporcle Settings
to finish the process.
Report this User
Report this user for behavior that violates our
Community Guidelines
.
Details:
Send Report
Go to the Sporcle.com Mobile Site →
Comments